000
00313nam a22001337a 4500
082
_a
030(T)
_b
OXF/R
100
_a
OXFORD
245
_a
ROGET'S INTERNATIONAL THESAURUS
250
_a
THIRD EDITION
260
_a
DELHI
_b
OXFORD & IBH PUBLISHING CO
_c
2005
300
_a
1256
650
_a
THESAURUS
_z
INDIA
942
_c
BK
999
_c
2141
_d
2141